|
|
|
|
| LEADER |
01044cam a2200241 i 4500 |
| 001 |
10079292 |
| 003 |
GR-PaULI |
| 005 |
20220601132304.0 |
| 008 |
090917s1969 g 1 gre |
| 952 |
|
|
|0 0
|1 0
|2 ddc
|4 0
|6 889_330000000000000_ΚΑΖ
|7 1
|9 360671
|a LISP
|b LISP
|c DON
|d 2022-06-01
|e ΨΥΧ
|i 257619
|l 0
|o 889.33 ΚΑΖ
|p 025000293673
|r 2022-06-01 00:00:00
|t 1
|w 2022-06-01
|y BKN
|
| 999 |
|
|
|c 210808
|d 210808
|
| 040 |
|
|
|a GR-PaULI
|b gre
|c GR-PaULI
|e AACR2
|
| 082 |
1 |
4 |
|a 889.33
|
| 100 |
1 |
|
|9 6798
|a Καζαντζάκης, Νίκος,
|d 1883-1957,
|e συγγραφέας.
|
| 240 |
1 |
0 |
|a Toda-Raba.
|l Ελληνικά
|
| 245 |
1 |
0 |
|a Τόντα-Ράμπα /
|c Νίκου Καζαντζάκη ; μετάφραση Γιάννη Μαγκλή.
|
| 250 |
|
|
|a 6η έκδ.
|
| 260 |
|
|
|a Αθήνα :
|b Ελ. Καζαντζάκη,
|c 1969.
|
| 300 |
|
|
|a 227 σ. ;
|c 21 εκ.
|
| 650 |
|
4 |
|a Νεοελληνικό διήγημα
|9 4052
|
| 700 |
1 |
|
|a Μαγκλής, Γιάννης,
|d 1909-2006,
|9 27749
|e μεταφραστής.
|
| 942 |
|
|
|2 ddc
|c BK
|
| 998 |
|
|
|c Σαλαμούρα
|d 2022-06
|